Water resources engineering / (Record no. 1437)
[ view plain ]
| 000 -LEADER | |
|---|---|
| fixed length control field | 00386cam a2200157ua 4500 |
| 020 ## - INTERNATIONAL STANDARD BOOK NUMBER | |
| ISBN | 97881-203-2151-9 |
| 082 ## - DEWEY DECIMAL CLASSIFICATION NUMBER | |
| Classification number | 627.5 |
| Item number | WUR/WA |
| 100 ## - MAIN ENTRY--AUTHOR NAME | |
| Personal name | Wurbs, Ralph A . |
| 100 ## - MAIN ENTRY--AUTHOR NAME | |
| Personal name | James,Wesley.P |
| 245 ## - TITLE STATEMENT | |
| Title | Water resources engineering / |
| 250 ## - EDITION STATEMENT | |
| Edition statement | 1 / |
| 260 ## - PUBLICATION, DISTRIBUTION, ETC. (IMPRINT) | |
| Place of publication | New Delhi : |
| Name of publisher | PHI Learning Pvt Ltd. , |
| Year of publication | 2013 |
| 300 ## - PHYSICAL DESCRIPTION | |
| Number of Pages | 828 ; . |
| 500 ## - GENERAL NOTE | |
| General note | * CSS |
| 942 ## - ADDED ENTRY ELEMENTS (KOHA) | |
| Koha item type | Books |
| Withdrawn status | Lost status | Damaged status | Collection code | Home library | Current library | Shelving location | Date acquired | Source of acquisition | Cost, normal purchase price | Full call number | Accession Number | Koha item type |
|---|---|---|---|---|---|---|---|---|---|---|---|---|
| KAUAET | KAUAET | General Stacks | 16/06/2016 | Aman Book Stall Calicut | 525.00 | 627.5 WUR/WA | 24676 | Books | ||||
| KAUAET | KAUAET | General Stacks | 28/07/2016 | 475.00 | 627.5 WUR/WA | 24367 | Books | |||||
| KAUAET | KAUAET | Scheme | 13/09/2018 | 627.5 WUR/WA | 20758 | Book Bank scheme for SC students |
